Statistiques concernant Le vocabulaire du jeu d'échecs

Cliquez ici pour prendre le quiz!

Statistiques générales

  • Ce quiz a été pris 246 fois
  • Le résultat moyen est 18 sur 30

Statistiques - réponses

IndiceRéponse% Correct
Seule pièce pouvant passer par dessus les autrescavalier
95%
Pièce pouvant évoluer dans les huit directions, mais une case à la fois.roi
92%
Pièce qui se déplace en diagonalefou
91%
Le roi est ___ lorsqu'il subit un échec imparablemat
91%
Pièce la plus faible du jeuPion
91%
Pièce qui se déplace horizontalement ou verticalementtour
89%
Pièce la plus forte du jeudame
87%
Coup durant lequel on déplace simultanément la tour et le roi. Peut être petit ou grand selon la tour choisie.roque
84%
Partie jouée en cadence rapide (environ 3-5 minutes par joueur)Blitz
80%
Un joueur est ___ lorsqu'il n'est pas en échec, mais ne peut pourtant jouer aucun coup légalPat
80%
Première phase d'une partie, durant laquelle les joueurs ouvrent leur jeu et développent leurs premières piècesouverture
74%
Plateau sur lequel on joue aux échecséchiquier
72%
Lorsqu'une pièce attaque deux pièces ennemies simultanément. Peut être "royale"fourchette
68%
Sacrifice d'un pion durant l'ouverture du jeu, pour une meilleure position ou pour obtenir l'initiativeGambit
65%
Nom d'un physicien et du système de classement des joueurs d'échecs qu'il a inventéElo
62%
Changement du pion en une pièce plus forte lorsqu'il atteint le bout de l'échiquierPromotion
61%
Dernière phase de la partie, avec peu de pièces restantes et les rois rentrant en actionfinale
59%
Se dit d'un pion pouvant avancer vers le bout de l'échiquier sans être menacé par un autre pion ennemipassé
53%
"Les blancs ont le _____" ou "_____aux blancs" signifie que c'est aux blancs de jouertrait
51%
Forcer une pièce ennemie à rester à sa place sous peine de mettre à découvert une pièce plus forteClouer
50%
Terme italien. Développement du fou en b2/g2 pour les blancs ou b7/g7 pour les noir. Le fou contrôle alors la grande diagonaleFianchetto
49%
Ajuster la position de sa pièce sans la jouerAdouber
44%
Nom donné à une partie faite pour départager une égalité, aussi appelée "mort subite"Armageddon
37%
Terme allemand signifiant "coup forcé". Lorsque le joueur ne peut jouer autre chose qu'un mauvais coupZugzwang
35%
Adjectif signifiant "relatif aux échecs"échiquéen
34%
Différence de valeur intrinsèque entre deux pièces, indépendamment de la partie jouée (entre une tour et un fou par exemple)qualité
26%
Un joueur est en _______ lorsqu'il n'a presque plus de temps pour jouer. Terme allemandZeitnot
22%
Se dit d'un pion laissé volontairement sans défense, mais dont la prise est en fait un piègeempoisonné
21%
Ensemble de pions liés entre eux, formant une chaîne horizontale et/ou diagonaleîlot
12%
Nom de la déesse des échecs selon Sir William JonesCaïssa
11%

Distribution des résultats

Percentile par nombre de réponses

% des personnes avec chaque résultat

Votre développement - résultats

Vous n’avez pas pris ce quiz